000 00832am a2200277a 44500
003 AR-BaBNM
005 20251128205053.0
008 166019s1986 #AR|||||||||||000 | spa||
020 _a950-582-175-1
040 _cAR-BaBNM
100 1 _aGutiérrez P., Francisco
245 1 0 _aUna propuesta educativa latinoamericana
_bmetodología del lenguaje total
260 _aBuenos Aires
_bHumanitas
_c1986
300 _a156 p.
_bil., diagr.
490 0 _aGuidance
504 _aContiene bibliografía en notas a pie de página
650 4 _aTECNICAS DE ENSEÑANZA
650 4 _aDESARROLLO DE LA CREATIVIDAD
650 4 _aINTERDISCIPLINARIEDAD
650 4 _aCOMUNICACION SOCIAL
651 4 _aCosta Rica
653 _aINNOVACIONES EDUCATIVAS
800 1 _aSierra de Villaverde, Sela
_edirector
942 _cBK
998 _cSILVI
999 _c9863
_d9863